Sergeĭ Rakhmaninov--vospominanii︠a︡, zapisannye Oskarom fon Rizemanom /

Bibliographic Details
Main Author: Rachmaninoff, Sergei, 1873-1943
Other Authors: Riesemann, Oskar von, 1880-1934, Chemberdzhi, Valentina
Format: Book
Language:Russian
Published: Moskva : Raduga, 1992.
Subjects:

MARC

Tag First Indicator Second Indicator Subfields
LEADER 00000cam a2200000Ma 4500
001 in00001618821
005 20151023054451.0
008 971202s1992 ru ag b 001 0arusod
020 |a 5050025788 
035 |a (OCoLC)ocm39834178 
040 |a PUL  |c PUL  |d OCL  |d TXA  |d UtOrBLW 
041 1 |a rus  |h eng  |h ger 
049 |a TXAM 
050 1 4 |a ML410.R11  |b A3 1992 
100 1 |a Rachmaninoff, Sergei,  |d 1873-1943. 
240 1 0 |a Rachmaninoff's recollections told to Oskar von Riesemann.  |l Russian 
245 1 0 |a Sergeĭ Rakhmaninov--vospominanii︠a︡, zapisannye Oskarom fon Rizemanom /  |c [posleslovie, perevod, kommentariĭ V.N. Chemberdzhi ; redaktor O.A. Sakharova]. 
246 1 5 |a Rachmaninoff's recollections, told by [sic] Oskar von Riesemann 
246 3 1 |a Vospominanii︠a︡, zapisannye Oskarom fon Rizemanom 
264 1 |a Moskva :  |b Raduga,  |c 1992. 
300 |a 254 pages :  |b illustrations, music ;  |c 21 cm. 
336 |a text  |b txt  |2 rdacontent 
337 |a unmediated  |b n  |2 rdamedia 
338 |a volume  |b nc  |2 rdacarrier 
500 |a Edition of 1934 was translated from the German manuscript by Dolly Rutherford. 
504 |a Includes bibliographical references and index. 
600 1 0 |a Rachmaninoff, Sergei,  |d 1873-1943. 
650 0 |a Musicians  |z Russia  |v Biography. 
650 0 |a Musicians  |z Soviet Union  |v Biography. 
650 0 |a Composers  |z Russia  |v Biography. 
650 0 |a Composers  |z Soviet Union  |v Biography. 
700 1 |a Riesemann, Oskar von,  |d 1880-1934. 
700 1 |a Chemberdzhi, Valentina. 
948 |a cataloged  |b h  |c 2001/6/8  |d c  |e spoltoratski  |f 5:37:25 pm 
994 |a E0  |b TXA 
999 |a MARS 
999 f f |s 01316555-70c3-3844-a1ab-a7df11725fa8  |i 9a3b9ca6-259c-33ad-b08a-611f152af19a  |t 0 
952 f f |p ric  |a Texas A&M University  |b Rellis Campus  |c Joint Library Facility  |d Remote Storage  |t 0  |e ML410.R11 A3 1992  |h Library of Congress classification  |i unmediated -- volume  |m A14827712887 
998 f f |a ML410.R11 A3 1992  |t 0  |l Remote Storage